| 000 | 00568nam a2200217Ia 4500 | ||
|---|---|---|---|
| 003 | OSt | ||
| 005 | 20230410164056.0 | ||
| 008 | 210423s2007 xx 000 0 und d | ||
| 020 | _a97886215460 | ||
| 040 | _cAL | ||
| 041 | _aeng | ||
| 082 |
_a657 _223 _bSAUS |
||
| 100 |
_aSAUDAGARAN (Shahrokh M). _985719 |
||
| 245 | _aInternational accounting: user perspective. | ||
| 250 | _a2 | ||
| 260 |
_aLondon _bThomson Learning _c2007 |
||
| 300 |
_axv,236 _bPB |
||
| 365 |
_b235 _cINR |
||
| 906 | _aaccounting: ; International ; perspective. ; user | ||
| 942 |
_2ddc _cBK |
||
| 999 |
_c157124 _d157124 |
||